000 00237nam a2200097Ia 4500
001 1200190
005 20250827022608.0
008 250824s9999 xx 000 0 und d
245 0 _aKUĞU
_cGUDBERGUR BERGSSON
260 _bMARTI YAYINCILIK
999 _c1200190
_d1200190